=LDR 00000nam 2200000 4500 =001 INLIS000000000021573 =005 20130612120424 =008 ***********************************Ind** =035 ##$$0010-061300000021573 =041 ##$$a Ind =082 ##$$a 371.1 =090 ##$$a 371.1, Aqi p =100 ##$$a Aqib, Zainal =245 ##$$a Profesionalisme guru dalam pembelajaran, H. Zainal Aqib =260 ##$$a 2002 $b Surabaya =300 ##$$a 171 hlm, ilus, 21 cm =650 ##$$a Guru =850 ##$$a NBPNMAT